Old Flags of Modern Countries - Statistics

General Stats
  • This quiz has been taken 366 times
  • The average score is 17 of 25
Answer Stats
Picture Answer % Correct
Afghanistan
97%
Belarus
95%
Korea
95%
Syria
95%
United States of America
93%
China
91%
Philippines
90%
Mexico
87%
France
82%
Albania
78%
Brazil
78%
Austria
75%
Ireland
69%
Ethiopia
66%
Russia
65%
Thailand
65%
Spain
64%
India
63%
Democratic Republic of the Congo
48%
Egypt
48%
Mongolia
42%
Iraq
34%
Germany
30%
Nigeria
28%
Indonesia
26%
No matching quizzes found
Score Distribution
Percent of People with Each Score
Percentile by Number Answered
Your Score History
You have not taken this quiz